BIBLIOTECA PODER JUDICIAL
Portal Judicial TDF

Derecho a la intimidad de niños, niñas y adolescentes en la era de las redes sociales / (Registro nro. 5841)

000 -LEADER
fixed length control field 01425nab a22002657a 4500
003 - CONTROL NUMBER IDENTIFIER
control field OSt
005 - DATE AND TIME OF LATEST TRANSACTION
control field 20260108014718.0
008 - FIXED-LENGTH DATA ELEMENTS--GENERAL INFORMATION
fixed length control field 190514b xxu||||| |||| 00| 0 spa d
040 ## - CATALOGING SOURCE
Transcribing agency PJ
100 ## - MAIN ENTRY--PERSONAL NAME
9 (RLIN) 6740
Personal name Barabasqui, Paula
245 10 - TITLE STATEMENT
Title Derecho a la intimidad de niños, niñas y adolescentes en la era de las redes sociales /
Statement of responsibility, etc Paula Barabasqui, Daniela Fico, David Hacker, Natalia Kerszberg.
300 ## - PHYSICAL DESCRIPTION
Extent p. 73-78
505 ## - FORMATTED CONTENTS NOTE
Formatted contents note Sumario: I. Introducción.— II. Marco normativo.— III. Derechos en juego. La exposición de los niños en redes sociales como violación a su privacidad. — IV. Derechos y deberes derivados de la responsabilidad parental.— V. Autonomía progresiva y ejercicio de derechos. Cuando son los propios niños y adolescentes quienes acceden a las redes sociales.— VI. Una decisión bien enmarcada.
505 ## - FORMATTED CONTENTS NOTE
Title Si te interesa el texto, comunicate a koha@justierradelfuego.gov.ar
650 #0 - SUBJECT ADDED ENTRY--TOPICAL TERM
9 (RLIN) 967
Topical term or geographic name as entry element DERECHO DE FAMILIA
650 #0 - SUBJECT ADDED ENTRY--TOPICAL TERM
9 (RLIN) 2741
Topical term or geographic name as entry element DERECHOS DE LAS NIÑAS, NIÑOS Y ADOLESCENTES
650 #0 - SUBJECT ADDED ENTRY--TOPICAL TERM
9 (RLIN) 2724
Topical term or geographic name as entry element DERECHO A LA INTIMIDAD
650 #0 - SUBJECT ADDED ENTRY--TOPICAL TERM
9 (RLIN) 4109
Topical term or geographic name as entry element REDES SOCIALES
650 #0 - SUBJECT ADDED ENTRY--TOPICAL TERM
9 (RLIN) 1015
Topical term or geographic name as entry element RESPONSABILIDAD PARENTAL
700 ## - ADDED ENTRY--PERSONAL NAME
9 (RLIN) 4620
Personal name Fico, Daniela
Función coautor
700 ## - ADDED ENTRY--PERSONAL NAME
9 (RLIN) 6741
Personal name Hacker, David
Función coautor
700 ## - ADDED ENTRY--PERSONAL NAME
9 (RLIN) 4621
Personal name Kerszberg, Natalia
Función coautor
773 0# - HOST ITEM ENTRY
Host Biblionumber 2844
Host Itemnumber 3222
Place, publisher, and date of publication Buenos Aires : AbeledoPerrot, 1989-
Title Derecho de familia. N° 119 - Mayo 2025
International Standard Book Number 18511201
942 ## - ADDED ENTRY ELEMENTS (KOHA)
Source of classification or shelving scheme
Koha item type Analítica Artículo de Revista

No hay ítems disponibles.

12 de Octubre 789 Ushuaia - Tel:  54(02901)441571
Horario de Atención: 8.00 a 17.00 hs. 
bibliotecaush@justierradelfuego.gov.ar
koha@justierradelfuego.gov.ar
Seguinos en nuestras redes @bibliojustdf 

Con tecnología Koha